Normal view
MARC view
Entry Personal Name
001 - CONTROL NUMBER
- control field: 7956
003 - CONTROL NUMBER IDENTIFIER
- control field: OSt
005 - DATE AND TIME OF LATEST TRANSACTION
- control field: 20211028144316.0
008 - FIXED-LENGTH DATA ELEMENTS
- fixed length control field: 211028|| aca||aabn | a|a d
040 ## - CATALOGING SOURCE
- Original cataloging agency: OSt
- Transcribing agency: OSt
100 ## - HEADING--PERSONAL NAME
- Personal name: Surathkal, Sushanth S; Harinakshi.
- Miscellaneous information: 1616204
670 ## - SOURCE DATA FOUND
- Source citation: Work cat.: (OSt): Surathkal, Sushanth S; Harinakshi. 1616204, Diagnostic survey on employee relation at everest seafood pvt ltd., 2018